| 000 | 01276nam a2200313Ia 4500 | ||
|---|---|---|---|
| 001 | ebr10354168 | ||
| 003 | CaPaEBR | ||
| 006 | m u | ||
| 007 | cr cn||||||||| | ||
| 008 | 090721s2009 enka sb 000 0 eng d | ||
| 020 | _z9781841502441 (pbk.) | ||
| 020 | _z1841502448 (pbk.) | ||
| 040 |
_aCaPaEBR _cCaPaEBR |
||
| 035 | _a(OCoLC)646886131 | ||
| 050 | 1 | 4 |
_aPN1993.5.G7 _bG57 2009eb |
| 100 | 1 | _aGirelli, Elisabetta. | |
| 245 | 1 | 0 |
_aBeauty and the beast _h[electronic resource] : _bItalianness in British cinema / _cElisabetta Girelli. |
| 260 |
_aBristol ; _aChicago, IL : _bIntellect, _c2009. |
||
| 300 |
_a184 p. : _bill. |
||
| 504 | _aIncludes bibliographical references and filmography. | ||
| 533 |
_aElectronic reproduction. _bPalo Alto, Calif. : _cebrary, _d2010. _nAvailable via World Wide Web. _nAccess may be limited to ebrary affiliated libraries. |
||
| 650 | 0 |
_aMotion pictures _zGreat Britain _xHistory. |
|
| 650 | 0 | _aItalians in motion pictures. | |
| 650 | 0 |
_aItalians _xForeign public opinion, British. |
|
| 651 | 0 |
_aItaly _xIn motion pictures. |
|
| 655 | 7 |
_aElectronic books. _2local |
|
| 710 | 2 | _aebrary, Inc. | |
| 856 | 4 | 0 |
_uhttp://site.ebrary.com/lib/rucke/Doc?id=10354168 _zAn electronic book accessible through the World Wide Web; click to view |
| 999 |
_c44642 _d44642 |
||